Central Library and Information Centre
Sibsagar Girls' College, Sivasagar : Assam

MEDICINAL PLANTS (Vol- 1) (Record no. 17010)

MARC details
000 -LEADER
fixed length control field 00463cam a2200193ua 4500
008 - FIXED-LENGTH DATA ELEMENTS--GENERAL INFORMATION
fixed length control field 150701n II |||gr||||Z||||||asm
040 ## - CATALOGING SOURCE
Original cataloging agency MAIN
041 ## - LANGUAGE CODE
-- English
082 ## - DEWEY DECIMAL CLASSIFICATION NUMBER
Classification number 581.634 BEN
100 ## - MAIN ENTRY--PERSONAL NAME
Personal name BENTLY , ROBERT .
245 ## - TITLE STATEMENT
Title MEDICINAL PLANTS (Vol- 1)
250 ## - EDITION STATEMENT
Edition statement 6TH.
260 ## - PUBLICATION, DISTRIBUTION, ETC.
Place of publication, distribution, etc. DELHI:
Name of publisher, distributor, etc. ASIATIC PUB. HOUSE,
Date of publication, distribution, etc. 2009.
300 ## - PHYSICAL DESCRIPTION
Extent (1--p.):
Dimensions 20CM.
700 ## - ADDED ENTRY--PERSONAL NAME
Personal name TRIMAN , HENTRY .
942 ## - ADDED ENTRY ELEMENTS (KOHA)
Koha item type Books
653 ## - INDEX TERM--UNCONTROLLED
Uncontrolled term Medicinal Plants
Holdings
Withdrawn status Lost status Damaged status Not for loan Collection code Home library Current library Shelving location Date acquired Full call number Barcode Date last seen Copy number Price effective from Koha item type
        TBBOT Central Library and Information Centre Sibsagar Girls College Central Library and Information Centre Sibsagar Girls College Botany Rack 14.02.2011 581.634 BEN 26115 27.02.2020 1 27.02.2020 Books


Sibsagar Girl's College © 2020. All rights reserved.
Powered by Koha.
Maintained by Abhijit Borpuzari.